[Event "III Marx Gyorgy"]
[Site "Paks HUN"]
[Date "2005.06.12"]
[Round "1"]
[White "Acs,P"]
[Black "Berkes,F"]
[Result "1/2-1/2"]
[WhiteElo "2525"]
[BlackElo "2617"]
[EventDate "2005.06.12"]

1. d4 Nf6 2. c4 e6 3. Nc3 Bb4 4. Nf3 b6 5. Qb3 c5 6. Bg5 Bb7 7. Rd1 Bxc3+
8. bxc3 h6 9. Bxf6 Qxf6 10. d5 O-O 11. e3 d6 12. Be2 Nd7 13. O-O Qe7 14. g3
g6 15. Qc2 Rae8 16. Nh4 Kg7 17. Rfe1 f5 18. e4 fxe4 19. Bg4 exd5 20. cxd5
Bc8 21. f3 Qg5 22. Bxd7 Bxd7 23. fxe4 Rf6 24. Ng2 Bg4 25. Rd2 Bf3 26. Rf2
Qg4 27. c4 Bxe4 28. Qb2 Re5 29. Rxf6 Kxf6 30. h3 Qxh3 31. Rxe4 Qxg3 32. Re3
Qg5 33. Qf2+ Kg7 34. Rxe5 Qxe5 35. Nf4 g5 36. Ne6+ Kg6 37. Qc2+ Kh5 38.
Qd1+ Kh4 39. Qc2 Qe3+ 40. Kg2 Qh3+ 41. Kg1 Qg3+ 42. Kh1 Qe1+ 43. Kg2 Qg3+
1/2-1/2

[Event "III Marx Gyorgy"]
[Site "Paks HUN"]
[Date "2005.06.12"]
[Round "1"]
[White "Sasikiran,K"]
[Black "Korchnoi,V"]
[Result "1/2-1/2"]
[WhiteElo "2642"]
[BlackElo "2619"]
[EventDate "2005.06.12"]

1. d4 Nf6 2. c4 e6 3. Nc3 Bb4 4. Qc2 d6 5. Bg5 c5 6. dxc5 dxc5 7. e3 h6 8.
Bh4 Nc6 9. Nge2 e5 10. a3 Ba5 11. Rd1 Qe7 12. Bxf6 Qxf6 13. Ng3 O-O 14. Be2
Qh4 15. O-O f5 16. Nb5 Qe7 17. Nd6 g6 18. Nxc8 Raxc8 19. Rd5 Rcd8 20. Rfd1
e4 21. Bf1 Bc7 22. Ne2 Be5 23. Nc3 h5 24. Rxd8 Rxd8 25. Nd5 Qd6 26. g3 h4
27. Kg2 hxg3 28. hxg3 Kg7 29. Be2 Qe6 30. b4 Rh8 31. Kg1 g5 32. Bf1 cxb4
33. axb4 Bb8 34. Bg2 Ne5 35. Qc3 Kf7 36. Kf1 Rc8 37. c5 Rd8 38. Qb3 a6 39.
Ke1 Kf8 40. Rd4 Nd3+ 41. Rxd3 exd3 42. Qxd3 Be5 43. Kf1 Qf7 44. Kg1 Bg7 45.
e4 fxe4 46. Bxe4 Rd7 47. Kg2 Qe6 48. Qf3+ Rf7 49. Qd3 Rd7 50. Qf3+ Rf7 51.
Qd3 Rd7 1/2-1/2

[Event "III Marx Gyorgy"]
[Site "Paks HUN"]
[Date "2005.06.13"]
[Round "2"]
[White "Korchnoi,V"]
[Black "Acs,P"]
[Result "1-0"]
[WhiteElo "2619"]
[BlackElo "2525"]
[EventDate "2005.06.12"]

1. d4 Nf6 2. c4 g6 3. Nc3 Bg7 4. e4 d6 5. Be2 O-O 6. Bg5 c5 7. d5 h6 8. Be3
e6 9. Nf3 exd5 10. cxd5 b5 11. Bxb5 Nxe4 12. Nxe4 Qa5+ 13. Qd2 Qxb5 14.
Nxd6 Qxb2 15. Qxb2 Bxb2 16. Rb1 Bc3+ 17. Nd2 Bg7 18. Nxc8 Rxc8 19. Nc4 Nd7
20. O-O Rd8 21. Rfd1 Nb6 22. Nxb6 axb6 23. Rxb6 c4 24. Rc6 c3 25. d6 Rxa2
26. g3 g5 27. Kg2 Rb2 28. Rd5 c2 29. d7 Rb7 30. Rc8 Bf6 31. Rd6 Be7 32.
Rxh6 Rbxd7 33. Rxc2 f6 34. h4 gxh4 35. Rxh4 Rd5 36. Rcc4 f5 37. Rh5 R8d7
38. Rf4 1-0

[Event "III Marx Gyorgy"]
[Site "Paks HUN"]
[Date "2005.06.15"]
[Round "4"]
[White "Acs,P"]
[Black "Almasi,Z"]
[Result "0-1"]
[WhiteElo "2525"]
[BlackElo "2628"]
[EventDate "2005.06.12"]

1. d4 Nf6 2. c4 e6 3. Nf3 b6 4. a3 Ba6 5. Qc2 Bb7 6. Nc3 c5 7. e4 cxd4 8.
Nxd4 Bc5 9. Nb3 Nc6 10. Bg5 Nd4 11. Nxd4 Bxd4 12. Bd3 Qb8 13. Ne2 Bc5 14.
b4 Be7 15. Rb1 O-O 16. f4 h6 17. Bh4 Qd8 18. O-O Rc8 19. e5 Ne8 20. Bg3 d5
21. Rfd1 Qc7 22. Rbc1 dxc4 23. Qxc4 Qb8 24. Qa2 Rxc1 25. Rxc1 Nc7 26. Bb1
Nd5 27. Qc2 g6 28. Nd4 Rc8 29. Qd2 a5 30. h4 axb4 31. h5 Rxc1+ 32. Qxc1 Bc5
33. Bf2 Nc3 34. Qe1 Qd8 35. Nf3 Bxf3 36. Bxc5 bxc5 0-1

[Event "III Marx Gyorgy"]
[Site "Paks HUN"]
[Date "2005.06.15"]
[Round "4"]
[White "Korchnoi,V"]
[Black "Sutovsky,E"]
[Result "1-0"]
[WhiteElo "2619"]
[BlackElo "2665"]
[EventDate "2005.06.12"]

1. c4 Nf6 2. g3 c6 3. Nf3 d5 4. b3 Bg4 5. Ne5 Bf5 6. Bg2 Nbd7 7. d4 e6 8.
O-O Bd6 9. Bb2 Qc7 10. Nd3 h5 11. c5 Be7 12. b4 h4 13. Nd2 Ng4 14. h3 hxg3
15. hxg4 gxf2+ 16. Rxf2 Qh2+ 17. Kf1 Bxg4 18. Nf3 Bxf3 19. Bxf3 Qh3+ 20.
Bg2 Qg3 21. Rf3 Qh2 22. Nf2 Rh5 23. Bc1 Bg5 24. Rh3 Rxh3 25. Nxh3 Bxc1 26.
Qxc1 e5 27. Qg5 exd4 28. Qxg7 Qe5 29. Qxe5+ Nxe5 30. Rd1 a5 31. b5 Nd7 32.
Nf4 Nxc5 33. bxc6 bxc6 34. Rc1 Ne6 35. Nxe6 fxe6 36. Rxc6 Kd7 37. Rb6 Rc8
38. Bh3 Rc1+ 39. Kf2 Rc2 40. Rxe6 Kc7 41. Bf5 Rxa2 42. Bd3 Ra1 43. Kf3 Rf1+
44. Kg4 a4 45. Ra6 a3 46. Rxa3 Kd6 47. Ra8 Ke6 48. Bf5+ Kd6 49. Ra6+ Ke7
50. Re6+ Kd7 51. Kg5 Rf2 52. Bg4 Rg2 53. Re4+ Kd6 54. Rxd4 Ke5 55. Rd3 d4
56. Kh4 Rg1 57. Kh3 Ke4 58. Bf3+ Ke5 59. Kh2 Rg7 60. Bg2 Rg8 61. Kg1 Rf8
62. Bf3 Rf6 63. Kf2 Ra6 64. Rb3 Ra1 65. Rb5+ Kf4 66. Rb8 Rd1 67. Re8 Kg5
68. Be4 1-0

[Event "III Marx Gyorgy"]
[Site "Paks HUN"]
[Date "2005.06.16"]
[Round "5"]
[White "Almasi,Z"]
[Black "Korchnoi,V"]
[Result "1/2-1/2"]
[WhiteElo "2628"]
[BlackElo "2619"]
[EventDate "2005.06.12"]

1. e4 e5 2. Nf3 Nc6 3. Bc4 Bc5 4. c3 Nf6 5. d3 a6 6. Bb3 d6 7. Nbd2 O-O 8.
O-O Ba7 9. h3 Be6 10. Re1 h6 11. Nf1 d5 12. exd5 Nxd5 13. N1h2 Qd6 14. Ng4
Bxg4 15. hxg4 Rad8 16. g5 h5 17. Qe2 Rd7 18. Bd2 Nde7 19. Bc2 Ng6 20. Rad1
Qd5 21. a3 Re7 22. Bc1 Rfe8 23. Qe4 Qd7 24. Bb3 Kf8 25. Be3 Bxe3 26. fxe3
Qd6 27. Kf2 Nd8 28. Ba2 Ne6 29. b4 c5 30. Rh1 cxb4 31. cxb4 Rc7 32. Rd2 Rc3
33. Rxh5 Rd8 34. Nh4 Rxd3 35. Nxg6+ fxg6 36. Rh8+ Ke7 37. Rxd3 Qxd3 38.
Qxd3 Rxd3 39. Bxe6 Kxe6 40. Rb8 Rxa3 41. Rxb7 Kf5 42. Rxg7 Ra4 1/2-1/2

[Event "III Marx Gyorgy"]
[Site "Paks HUN"]
[Date "2005.06.16"]
[Round "5"]
[White "Sasikiran,K"]
[Black "Acs,P"]
[Result "1/2-1/2"]
[WhiteElo "2642"]
[BlackElo "2525"]
[EventDate "2005.06.12"]

1. Nf3 Nf6 2. c4 g6 3. Nc3 Bg7 4. d4 O-O 5. e4 d6 6. Be2 e5 7. d5 a5 8. Bg5
Na6 9. Nd2 Nc5 10. O-O h6 11. Bh4 Qe8 12. b3 Nh7 13. a3 h5 14. f3 Bh6 15.
Rb1 Be3+ 16. Bf2 Bxf2+ 17. Rxf2 f5 18. b4 Na6 19. exf5 Bxf5 20. Nde4 axb4
21. axb4 Qe7 22. Bd3 Nb8 23. c5 Nd7 24. Nb5 Bxe4 25. Bxe4 Ng5 26. Qc2 Nxe4
27. Qxe4 Kh7 28. Rc2 dxc5 29. Qd3 Rf4 30. g3 e4 31. fxe4 Rxe4 32. Nxc7 Re3
33. Qd1 Raa3 34. Ne6 Rad3 35. Qc1 Re5 36. Nf4 Rde3 37. Ng2 Re2 38. Rxe2
Rxe2 39. Nf4 Ra2 40. Ne6 Qf6 41. Qe3 Ra1 42. Rxa1 1/2-1/2

[Event "III Marx Gyorgy"]
[Site "Paks HUN"]
[Date "2005.06.18"]
[Round "6"]
[White "Berkes,F"]
[Black "Acs,P"]
[Result "1/2-1/2"]
[WhiteElo "2617"]
[BlackElo "2525"]
[EventDate "2005.06.12"]

1. d4 d5 2. c4 e6 3. Nc3 Nf6 4. Bg5 Be7 5. e3 O-O 6. Rc1 Nbd7 7. Nf3 dxc4
8. Bxc4 a6 9. a4 c5 10. O-O cxd4 11. Nxd4 Qa5 12. Bh4 Ne5 13. Be2 Ng6 14.
Bg3 e5 15. Nf3 Bb4 16. Na2 Ne4 17. Qb3 Nxg3 18. hxg3 Be7 19. Nc3 Be6 20.
Bc4 Bxc4 21. Qxc4 Rfc8 22. Qb3 Qb4 23. Qxb4 Bxb4 24. Nd5 a5 25. e4 f6 26.
Nb6 Rxc1 27. Rxc1 Rd8 28. Nd5 Bd6 29. Nh4 Ne7 30. Nxe7+ Bxe7 31. Nf5 Bf8
32. Ne3 Rd3 33. Rc3 Rxc3 34. bxc3 Bc5 35. Nc2 Kf7 36. Kf1 Ke6 37. Ke2 Kd6
38. c4 Bb4 39. Kd3 Kc5 40. g4 b6 41. f3 1/2-1/2

[Event "III Marx Gyorgy"]
[Site "Paks HUN"]
[Date "2005.06.18"]
[Round "6"]
[White "Korchnoi,V"]
[Black "Sasikiran,K"]
[Result "1/2-1/2"]
[WhiteElo "2619"]
[BlackElo "2642"]
[EventDate "2005.06.12"]

1. Nf3 Nf6 2. c4 b6 3. g3 c5 4. Bg2 Bb7 5. Nc3 g6 6. d3 Bg7 7. e4 d6 8. O-O
O-O 9. Nh4 Nc6 10. f4 Rb8 11. Be3 a6 12. Kh1 b5 13. cxb5 axb5 14. Nxb5 Ba6
15. Na3 Nd7 16. Nc4 Bxc4 17. dxc4 Bxb2 18. Rb1 Qc7 19. e5 Bd4 20. Qf3 Na5
21. exd6 Qxd6 22. Rbc1 Rb4 23. Rfd1 Nxc4 24. Bxd4 cxd4 25. a3 Ra4 26. Qc6
Ndb6 27. Qxd6 Nxd6 28. Bc6 Rxa3 29. Rxd4 Rc8 30. Rdd1 Nbc4 31. Bf3 Rb8 32.
Ra1 Rxa1 33. Rxa1 Rb2 34. Re1 e6 35. Kg1 Kg7 36. Re2 Rb3 37. Kf2 Kf6 38.
Rc2 h6 39. Ng2 g5 40. Ke2 Rb4 41. Kf2 Nf5 42. Be2 Nb6 43. Rd2 Nd5 44. Bf3
Nde7 45. Bh5 Ng7 46. Bd1 Ng6 47. Ne3 Ke7 48. Ng4 Nf5 49. Bc2 Rb2 50. Ke1
Nd4 51. Bd1 Rb4 52. Nxh6 gxf4 53. Ng8+ Kd6 54. Nh6 f5 55. Bh5 fxg3 56. hxg3
Ne5 57. Kf2 Ke7 58. g4 fxg4 59. Nxg4 Nec6 60. Ne3 Rb8 61. Bd1 Rf8+ 62. Kg2
Rg8+ 63. Kf2 Rh8 64. Kg2 Rh4 65. Bg4 Kf6 66. Kg3 Rh8 67. Nc2 Nxc2 68. Rxc2
Ne5 69. Rf2+ Ke7 70. Be2 Nc6 71. Kf4 Nd4 72. Bg4 Rh4 73. Rd2 Nc6 74. Re2
Nd8 75. Kg3 Rh8 76. Re3 Rg8 77. Kf4 Kf6 78. Bh3 Rg1 79. Kf3 e5 80. Rb3 Nf7
81. Rb6+ Kg7 82. Rb7 Kg6 83. Rb6+ Kh5 84. Kf2 Rc1 85. Bf5 Nh6 86. Be6 Kg5
87. Kf3 Re1 88. Kf2 Rd1 89. Ke3 Rd4 90. Rb5 Kf6 91. Rb6 Kg5 1/2-1/2

[Event "III Marx Gyorgy"]
[Site "Paks HUN"]
[Date "2005.06.19"]
[Round "7"]
[White "Sasikiran,K"]
[Black "Sutovsky,E"]
[Result "1/2-1/2"]
[WhiteElo "2642"]
[BlackElo "2665"]
[EventDate "2005.06.12"]

1. Nf3 Nf6 2. c4 g6 3. Nc3 d5 4. cxd5 Nxd5 5. Qa4+ Bd7 6. Qh4 Nxc3 7. dxc3
Nc6 8. e4 e5 9. Bg5 Be7 10. Bc4 h5 11. h3 f6 12. Be3 g5 13. Qg3 h4 14. Qh2
Bd6 15. Qg1 Qe7 16. Nd2 Nd8 17. Qf1 Bc5 18. Bxc5 Qxc5 19. Nb3 Qb6 20. O-O-O
Ne6 21. Be2 Nf4 1/2-1/2

[Event "III Marx Gyorgy"]
[Site "Paks HUN"]
[Date "2005.06.19"]
[Round "7"]
[White "Acs,P"]
[Black "Korchnoi,V"]
[Result "0-1"]
[WhiteElo "2525"]
[BlackElo "2619"]
[EventDate "2005.06.12"]

1. e4 e5 2. Nf3 Nc6 3. Bb5 a6 4. Ba4 Nf6 5. O-O Nxe4 6. d4 b5 7. Bb3 d5 8.
dxe5 Be6 9. Be3 Be7 10. c3 Nc5 11. Bc2 Nd7 12. Re1 Ndxe5 13. Nxe5 Nxe5 14.
Bd4 Nc6 15. Bxg7 Rg8 16. Bh6 Bc5 17. Qf3 Qh4 18. Bf4 Kd7 19. Nd2 h5 20. Nb3
Bb6 21. Rad1 Ne7 22. Be3 Qh3 23. Qxh3 Bxh3 24. g3 Bxe3 25. Rxe3 Kd6 26.
Rde1 Nc6 27. Rf3 Be6 28. Rf4 Rae8 29. f3 Ne5 30. Kf2 Nd7 31. Nd4 c5 32.
Nf5+ Kc7 33. Ne3 a5 34. Rd1 Nb6 35. Rf6 Rh8 36. a3 Rd8 37. Rf4 Nc4 38. Nxc4
bxc4 39. Bf5 Rb8 40. Rd2 Rb6 41. Bxe6 fxe6 42. Re2 Rhb8 43. Rf7+ Kd6 44.
Rf6 Ke7 45. Rh6 d4 46. Rh7+ Kf6 47. Rxh5 d3 48. Rd2 Rxb2 49. Rxb2 Rxb2+ 50.
Ke1 Rc2 51. Rxc5 Rxc3 52. h4 a4 53. Kd2 Rc2+ 54. Kd1 Ke7 55. h5 Kd6 56. Rc8
Kd5 57. Rd8+ Ke5 58. g4 Rh2 59. Kc1 Kf4 60. g5 Kxg5 61. Rd4 Rc2+ 62. Kd1
Kxh5 63. Rg4 c3 64. Rd4 Rd2+ 65. Kc1 e5 0-1

[Event "III Marx Gyorgy"]
[Site "Paks HUN"]
[Date "2005.06.21"]
[Round "9"]
[White "Korchnoi,V"]
[Black "Almasi,Z"]
[Result "0-1"]
[WhiteElo "2619"]
[BlackElo "2628"]
[EventDate "2005.06.12"]

1. d4 Nf6 2. c4 e6 3. Nf3 b6 4. g3 Ba6 5. Qa4 Bb7 6. Bg2 c5 7. O-O cxd4 8.
Nxd4 Bxg2 9. Kxg2 Qc7 10. f3 a6 11. Rd1 Ra7 12. Nc3 Be7 13. e4 O-O 14. Be3
d6 15. Rac1 Rc8 16. b4 Qb7 17. Qb3 Nbd7 18. Na4 Bf8 19. Bf2 Qa8 20. Ne2 Qb8
21. g4 Rac7 22. Bg3 Ne8 23. Nb2 Qa8 24. Rc3 Qb7 25. a3 g6 26. Rcc1 Bh6 27.
Rb1 b5 28. c5 dxc5 29. Bxc7 c4 30. Qc3 Qxc7 31. h3 Ne5 32. f4 Nc6 33. g5
Bf8 34. Qe3 Ng7 35. Rf1 Nh5 36. Nd1 Rd8 37. Nf2 e5 38. f5 Nd4 39. Nxd4 exd4
40. Qf3 d3 41. e5 Qxe5 42. fxg6 hxg6 43. Ne4 Qd5 44. h4 Bg7 45. Rbc1 d2 46.
Rcd1 c3 47. Rf2 Qc4 0-1

[Event "III Marx Gyorgy"]
[Site "Paks HUN"]
[Date "2005.06.22"]
[Round "10"]
[White "Almasi,Z"]
[Black "Acs,P"]
[Result "1/2-1/2"]
[WhiteElo "2628"]
[BlackElo "2525"]
[EventDate "2005.06.12"]

1. e4 e5 2. Nf3 Nc6 3. Bb5 a6 4. Ba4 Nf6 5. O-O Be7 6. Re1 b5 7. Bb3 d6 8.
c3 O-O 9. h3 Na5 10. Bc2 c5 11. d4 Nd7 12. d5 Nb6 13. Nbd2 g6 14. Nf1
1/2-1/2

[Event "III Marx Gyorgy"]
[Site "Paks HUN"]
[Date "2005.06.22"]
[Round "10"]
[White "Sasikiran,K"]
[Black "Berkes,F"]
[Result "1/2-1/2"]
[WhiteElo "2642"]
[BlackElo "2617"]
[EventDate "2005.06.12"]

1. Nf3 Nf6 2. c4 e6 3. Nc3 d5 4. d4 Be7 5. Bg5 O-O 6. e3 Nbd7 7. Rc1 a6 8.
c5 b6 9. cxb6 c5 10. Be2 Qxb6 11. O-O Qxb2 12. Na4 Qa3 13. Rc3 Qb4 14. Qc2
c4 15. Rb1 Qa5 16. Ne5 Bd6 17. Nc6 Qc7 18. Bxc4 Ne4 19. Bxd5 Nxc3 20. Nxc3
exd5 21. Nxd5 Bxh2+ 22. Kh1 Qd6 23. e4 Kh8 24. Rb3 Nf6 25. Nxf6 gxf6 26. e5
Bxe5 27. dxe5 fxe5 28. Qc5 Qd1+ 29. Kh2 Qh5+ 30. Kg1 Qd1+ 31. Kh2 Qh5+ 32.
Kg1 1/2-1/2

[Event "III Marx Gyorgy"]
[Site "Paks HUN"]
[Date "2005.06.22"]
[Round "10"]
[White "Sutovsky,E"]
[Black "Korchnoi,V"]
[Result "1/2-1/2"]
[WhiteElo "2665"]
[BlackElo "2619"]
[EventDate "2005.06.12"]

1. e4 e5 2. Nf3 Nc6 3. Bb5 a6 4. Ba4 Nf6 5. O-O Nxe4 6. d4 b5 7. Bb3 d5 8.
dxe5 Be6 9. Nbd2 Be7 10. c3 Nc5 11. Bc2 d4 12. cxd4 Nxd4 13. Nxd4 Qxd4 14.
Nf3 Qxd1 15. Rxd1 Rd8 16. Rxd8+ Kxd8 17. Nd4 Bd7 18. Nf5 Bxf5 19. Bxf5 g6
20. Bg4 h5 21. Bf3 Kc8 22. Be3 Rd8 23. Be2 Na4 24. g4 hxg4 25. Bxg4+ Kb8
26. Rc1 Nxb2 27. Ba7+ Kb7 28. Bf3+ Kc8 29. Bg4+ Kb7 30. Bf3+ Kc8 1/2-1/2